| 000 | 00477nam a2200121Ia 4500 | ||
|---|---|---|---|
| 008 | 160712s9999 xx 000 0 und d | ||
| 100 | _aDe Vera, Glen Andrew D. | ||
| 245 |
_cGlen Andrew D. De Vera, _aAnions Analysis in Ground and Tap Waters by Sequential Chemical and CO2-Suppressed Ion Chromatography |
||
| 260 |
_c2011 _bScience Diliman |
||
| 300 | _avol. 23 no. 1 | ||
| 650 | _xSCIENCE | ||
| 856 | _uhttp://journals.upd.edu.ph/index.php/sciencediliman/issue/view/289/showToc | ||
| 999 |
_c297642 _d297642 |
||